000 00606nam a2200181 a 4500
001 000040921
005 20201002034459.0
008 130911s2000 dr 000 0 spa d
040 _aDO-SdBNP
_bspa
_cBNPHU
082 _axxxxx
_bxxxxx
100 1 _aGuillermo, Edgar
_918632
245 1 0 _aCompendio de administración :
_bteoría y práctica /
_cEdgar Guillermo, Eleido Rodríguez, William Rodríguez.
260 _aSanto Domingo :
_bDe colores,
_c2000.
300 _a211 p. ;
_c21 cm.
504 _aBibliografías : p. 209-211
700 1 _aRodríguez, Eleido
_967350
700 1 _aRodríguez, William
_966172
999 _c40411
_d40411